Score 0/15 Timer 01:30
0 Plays Today
% Correct
Hand
99.5%
Morning
99.1%
Girl
99.1%
Cheek
99.1%
Me
98.6%
Wonderland
98.1%
Closer
97.7%
Squeezin'
97.7%
% Correct
Arms
97.2%
Again
96.8%
Together
96.3%
Now
95.8%
Body
95.4%
Goodbye
93.5%
You
93.1%
Remove Ads.
Support Sporcle.
Get the best of Sporcle when you Go Orange. This ad-free experience offers more features, more stats, and more fun while also helping to support Sporcle. Thank you for becoming a member.

You're not logged in!

Compare scores with friends on all Sporcle quizzes.
OR
Log In

Sporcle TV

Today on Sporcle TV


Watch our educational content, quiz creation guides, and fun videos on Sporcle TV.

Show Comments

Extras

Top Quizzes Today


Score Distribution

Paid Content

Your Account Isn't Verified!

In order to create a playlist on Sporcle, you need to verify the email address you used during registration. Go to your Sporcle Settings to finish the process.

Report this User

Report this user for behavior that violates our Community Guidelines.

Details: